000
00415nam a2200145Ia 4500
008
100122s9999 xx 000 0 und d
082
_b
36529
_a
821
100
_a
जाधव टी के
245
_a
गुलशन ए गजल
260
_b
किरण प्रकाशन
_c
1905
300
_a
81
630
_a
गुलशन ए गजल
730
_a
गुलशन ए गजल
942
_c
BOOK
999
_c
419201
_d
419198